5000 Digits of Pi - Statistics

General Stats
  • This quiz has been taken 1,637 times
    1,635 since last reset
  • The average score is 158 of 5000
Answer Stats
Number # % Correct
0 3.
97%
1 1
96%
2 4
96%
3 1
92%
4 5
91%
5 9
88%
6 2
85%
7 6
82%
8 5
77%
9 3
75%
10 5
73%
11 8
70%
12 9
69%
13 7
66%
14 9
64%
15 3
62%
16 2
61%
17 3
60%
18 8
59%
19 4
58%
20 6
57%
21 2
55%
22 6
53%
24 3
51%
23 4
51%
25 3
49%
26 8
49%
28 2
48%
27 3
48%
29 7
47%
30 9
47%
31 5
46%
32 0
45%
33 2
45%
34 8
44%
35 8
43%
37 1
42%
36 4
42%
40 1
41%
39 7
41%
38 9
41%
43 3
39%
41 6
39%
42 9
39%
49 1
38%
46 3
38%
47 7
38%
44 9
38%
45 9
38%
48 5
37%
50 0
36%
51 5
35%
53 2
34%
52 8
34%
54 0
33%
55 9
33%
57 4
32%
56 7
32%
58 9
32%
68 1
31%
63 2
31%
59 4
31%
60 4
31%
61 5
31%
62 9
31%
65 0
30%
64 3
30%
66 7
30%
67 8
30%
70 4
29%
69 6
29%
71 0
28%
73 2
28%
72 6
28%
77 0
27%
85 0
27%
94 1
27%
76 2
27%
83 2
27%
86 3
27%
75 6
27%
82 6
27%
74 8
27%
78 8
27%
81 8
27%
84 8
27%
79 9
27%
80 9
27%
89 2
26%
93 2
26%
91 3
26%
87 4
26%
92 4
26%
90 5
26%
96 7
26%
88 8
26%
97 0
25%
95 1
25%
98 6
25%
99 7
25%
103 1
24%
100 9
24%
110 1
23%
102 2
23%
101 8
23%
105 8
23%
106 0
22%
112 2
22%
114 2
22%
104 4
22%
109 5
22%
108 6
22%
107 8
22%
116 0
21%
138 1
21%
111 3
21%
115 3
21%
119 4
21%
117 6
21%
118 6
21%
120 7
21%
113 8
21%
122 9
21%
121 0
20%
128 0
20%
132 0
20%
148 1
20%
153 1
20%
155 1
20%
163 1
20%
135 2
20%
136 2
20%
140 2
20%
149 2
20%
123 3
20%
137 3
20%
125 4
20%
126 4
20%
130 5
20%
131 5
20%
133 5
20%
127 6
20%
139 7
20%
124 8
20%
134 8
20%
129 9
20%
146 0
19%
159 0
19%
164 0
19%
154 1
19%
168 1
19%
174 1
19%
160 2
19%
165 2
19%
142 3
19%
145 4
19%
151 4
19%
157 4
19%
141 5
19%
143 5
19%
158 5
19%
156 7
19%
147 8
19%
150 8
19%
152 8
19%
161 8
19%
144 9
19%
167 0
18%
176 0
18%
195 0
18%
175 1
18%
198 1
18%
206 1
18%
173 2
18%
185 2
18%
186 2
18%
203 2
18%
170 3
18%
194 3
18%
196 3
18%
162 4
18%
182 4
18%
183 4
18%
188 4
18%
172 5
18%
177 5
18%
178 5
18%
179 5
18%
191 5
18%
181 6
18%
184 6
18%
166 7
18%
171 8
18%
189 8
18%
197 8
18%
169 9
18%
180 9
18%
187 9
18%
190 9
18%
193 9
18%
199 9
18%
207 0
17%
192 4
17%
201 4
17%
202 4
17%
210 5
17%
200 6
17%
204 8
17%
205 8
17%
208 9
17%
220 1
16%
238 1
16%
250 1
16%
221 2
16%
229 2
16%
215 3
16%
216 3
16%
217 4
16%
218 4
16%
213 5
16%
211 6
16%
212 6
16%
219 6
16%
209 7
16%
222 8
16%
214 9
16%
245 0
15%
243 1
15%
246 1
15%
241 2
15%
244 2
15%
230 3
15%
231 3
15%
237 3
15%
223 4
15%
227 4
15%
225 5
15%
240 5
15%
226 6
15%
234 6
15%
239 6
15%
224 7
15%
232 7
15%
235 7
15%
242 7
15%
228 8
15%
233 8
15%
236 8
15%
247 9
15%
249 9
15%
248 0
14%
264 0
14%
270 0
14%
269 1
14%
281 1
14%
295 1
14%
260 2
14%
275 2
14%
280 2
14%
289 2
14%
292 2
14%
261 3
14%
265 3
14%
274 3
14%
251 4
14%
254 4
14%
271 4
14%
252 5
14%
256 5
14%
272 5
14%
253 6
14%
257 6
14%
258 6
14%
263 6
14%
268 6
14%
276 6
14%
255 8
14%
267 8
14%
259 9
14%
287 0
13%
291 0
13%
307 0
13%
311 0
13%
297 1
13%
314 1
13%
319 1
13%
298 2
13%
302 2
13%
282 3
13%
283 3
13%
285 3
13%
300 3
13%
313 3
13%
262 4
13%
266 4
13%
273 4
13%
278 4
13%
293 4
13%
296 4
13%
304 5
13%
277 6
13%
286 6
13%
290 6
13%
309 6
13%
312 6
13%
288 7
13%
299 7
13%
301 7
13%
279 8
13%
305 8
13%
284 9
13%
294 9
13%
308 0
12%
327 0
12%
330 0
12%
340 0
12%
357 0
12%
324 1
12%
342 1
12%
344 1
12%
362 1
12%
326 2
12%
329 2
12%
333 2
12%
335 2
12%
337 2
12%
354 2
12%
346 3
12%
349 3
12%
358 3
12%
303 4
12%
321 4
12%
339 4
12%
348 4
12%
315 5
12%
316 5
12%
325 5
12%
338 5
12%
345 5
12%
355 5
12%
310 6
12%
332 6
12%
347 6
12%
350 6
12%
306 7
12%
320 7
12%
343 7
12%
351 7
12%
317 8
12%
318 8
12%
322 8
12%
323 8
12%
334 8
12%
352 8
12%
328 9
12%
331 9
12%
336 9
12%
341 9
12%
353 9
12%
360 0
11%
361 0
11%
366 0
11%
369 0
11%
375 0
11%
398 0
11%
363 1
11%
381 1
11%
385 1
11%
390 1
11%
393 1
11%
395 1
11%
396 1
11%
374 2
11%
380 2
11%
364 3
11%
365 3
11%
368 3
11%
382 3
11%
371 4
11%
376 4
11%
384 4
11%
386 4
11%
392 4
11%
367 5
11%
370 5
11%
379 5
11%
389 5
11%
394 5
11%
359 6
11%
377 6
11%
378 6
11%
387 6
11%
397 6
11%
372 8
11%
373 8
11%
383 8
11%
356 9
11%
388 9
11%
391 9
11%
406 2
10%
401 3
10%
400 4
10%
399 9
10%
403 0
9%
408 0
9%
421 0
9%
417 1
9%
424 1
9%
427 1
9%
428 1
9%
432 1
9%
437 1
9%
438 1
9%
442 1
9%
423 2
9%
435 2
9%
402 3
9%
409 3
9%
420 3
9%
430 3
9%
434 3
9%
404 5
9%
411 5
9%
413 5
9%
415 5
9%
419 5
9%
410 6
9%
426 6
9%
436 6
9%
405 7
9%
407 7
9%
412 7
9%
429 7
9%
425 8
9%
431 8
9%
414 9
9%
416 9
9%
418 9
9%
422 9
9%
433 9
9%
443 0
8%
451 0
8%
445 1
8%
446 1
8%
456 2
8%
441 3
8%
449 4
8%
444 5
8%
448 5
8%
455 6
8%
439 7
8%
452 7
8%
447 8
8%
450 8
8%
440 9
8%
459 9
8%
493 0
7%
471 1
7%
483 1
7%
490 1
7%
494 1
7%
495 1
7%
499 1
7%
462 2
7%
477 2
7%
479 2
7%
484 2
7%
485 2
7%
500 2
7%
457 3
7%
469 3
7%
488 3
7%
492 3
7%
503 3
7%
453 4
7%
454 4
7%
464 4
7%
480 4
7%
497 4
7%
466 5
7%
470 5
7%
474 5
7%
476 5
7%
461 6
7%
467 6
7%
458 7
7%
463 7
7%
468 7
7%
475 7
7%
478 7
7%
486 7
7%
472 8
7%
473 8
7%
481 8
7%
489 8
7%
491 8
7%
502 8
7%
460 9
7%
465 9
7%
482 9
7%
487 9
7%
496 9
7%
498 9
7%
501 9
7%
513 0
6%
520 0
6%
523 0
6%
525 1
6%
541 1
6%
547 1
6%
566 1
6%
568 1
6%
510 2
6%
524 2
6%
504 3
6%
507 3
6%
508 3
6%
519 3
6%
511 4
6%
512 4
6%
518 4
6%
528 4
6%
515 5
6%
505 6
6%
509 6
6%
514 6
6%
516 6
6%
517 6
6%
522 6
6%
506 7
6%
521 8
6%
543 0
5%
545 0
5%
552 0
5%
557 0
5%
561 0
5%
596 0
5%
574 1
5%
587 1
5%
598 1
5%
607 1
5%
610 1
5%
627 1
5%
640 1
5%
646 1
5%
651 1
5%
660 1
5%
535 2
5%
536 2
5%
546 2
5%
558 2
5%
565 2
5%
571 2
5%
579 2
5%
600 2
5%
526 3
5%
532 3
5%
539 3
5%
555 3
5%
563 3
5%
573 3
5%
580 3
5%
599 3
5%
530 4
5%
537 4
5%
554 4
5%
582 4
5%
585 4
5%
589 4
5%
595 4
5%
534 5
5%
562 5
5%
578 5
5%
597 5
5%
612 5
5%
531 6
5%
551 6
5%
570 6
5%
576 6
5%
583 6
5%
590 6
5%
592 6
5%
593 6
5%
538 7
5%
540 7
5%
544 7
5%
548 7
5%
556 7
5%
559 7
5%
560 7
5%
567 7
5%
569 7
5%
575 7
5%
577 7
5%
584 7
5%
591 7
5%
550 8
5%
581 8
5%
586 8
5%
588 8
5%
527 9
5%
529 9
5%
533 9
5%
542 9
5%
549 9
5%
553 9
5%
564 9
5%
572 9
5%
594 9
5%
601 0
4%
602 0
4%
603 0
4%
618 0
4%
638 0
4%
657 0
4%
659 0
4%
669 0
4%
682 0
4%
684 0
4%
703 0
4%
715 0
4%
720 0
4%
750 0
4%
775 0
4%
670 1
4%
681 1
4%
704 1
4%
709 1
4%
710 1
4%
712 1
4%
717 1
4%
728 1
4%
730 1
4%
734 1
4%
744 1
4%
752 1
4%
758 1
4%
759 1
4%
780 1
4%
791 1
4%
608 2
4%
613 2
4%
620 2
4%
630 2
4%
650 2
4%
661 2
4%
662 2
4%
687 2
4%
688 2
4%
694 2
4%
698 2
4%
702 2
4%
711 2
4%
713 2
4%
716 2
4%
737 2
4%
757 2
4%
771 2
4%
615 3
4%
628 3
4%
642 3
4%
644 3
4%
666 3
4%
668 3
4%
679 3
4%
699 3
4%
735 3
4%
760 3
4%
769 3
4%
611 4
4%
629 4
4%
652 4
4%
655 4
4%
656 4
4%
663 4
4%
667 4
4%
671 4
4%
674 4
4%
701 4
4%
723 4
4%
761 4
4%
776 4
4%
604 5
4%
616 5
4%
624 5
4%
632 5
4%
665 5
4%
673 5
4%
676 5
4%
678 5
4%
683 5
4%
695 5
4%
700 5
4%
707 5
4%
731 5
4%
779 5
4%
605 6
4%
614 6
4%
617 6
4%
637 6
4%
643 6
4%
653 6
4%
672 6
4%
691 6
4%
708 6
4%
719 6
4%
736 6
4%
609 7
4%
621 7
4%
622 7
4%
625 7
4%
626 7
4%
631 7
4%
633 7
4%
634 7
4%
641 7
4%
645 7
4%
647 7
4%
649 7
4%
680 7
4%
685 7
4%
689 7
4%
756 7
4%
770 7
4%
773 7
4%
606 8
4%
619 8
4%
623 8
4%
635 8
4%
648 8
4%
654 8
4%
677 8
4%
692 8
4%
696 8
4%
721 8
4%
753 8
4%
768 8
4%
774 8
4%
636 9
4%
639 9
4%
658 9
4%
664 9
4%
675 9
4%
686 9
4%
690 9
4%
693 9
4%
697 9
4%
705 9
4%
706 9
4%
714 9
4%
718 9
4%
762 9
4%
763 9
4%
764 9
4%
765 9
4%
766 9
4%
767 9
4%
772 9
4%
724 0
3%
746 0
3%
755 0
3%
781 0
3%
793 0
3%
802 0
3%
815 0
3%
818 0
3%
827 0
3%
838 0
3%
853 0
3%
855 0
3%
856 0
3%
857 0
3%
878 0
3%
885 0
3%
899 0
3%
909 0
3%
957 0
3%
968 0
3%
973 0
3%
974 0
3%
989 0
3%
996 0
3%
1003 0
3%
1010 0
3%
786 1
3%
797 1
3%
843 1
3%
846 1
3%
847 1
3%
850 1
3%
852 1
3%
854 1
3%
859 1
3%
882 1
3%
887 1
3%
889 1
3%
895 1
3%
921 1
3%
922 1
3%
945 1
3%
951 1
3%
961 1
3%
963 1
3%
971 1
3%
975 1
3%
983 1
3%
984 1
3%
985 1
3%
992 1
3%
997 1
3%
1011 1
3%
1030 1
3%
1035 1
3%
1047 1
3%
789 2
3%
803 2
3%
819 2
3%
822 2
3%
824 2
3%
825 2
3%
829 2
3%
841 2
3%
867 2
3%
877 2
3%
884 2
3%
904 2
3%
911 2
3%
927 2
3%
933 2
3%
960 2
3%
964 2
3%
965 2
3%
977 2
3%
991 2
3%
995 2
3%
1006 2
3%
1009 2
3%
1021 2
3%
1037 2
3%
1042 2
3%
4999 2
3%
725 3
3%
745 3
3%
785 3
3%
788 3
3%
796 3
3%
811 3
3%
817 3
3%
826 3
3%
831 3
3%
832 3
3%
839 3
3%
845 3
3%
858 3
3%
860 3
3%
863 3
3%
875 3
3%
876 3
3%
880 3
3%
898 3
3%
900 3
3%
906 3
3%
920 3
3%
930 3
3%
934 3
3%
936 3
3%
942 3
3%
959 3
3%
972 3
3%
1001 3
3%
1020 3
3%
726 4
3%
727 4
3%
741 4
3%
804 4
3%
805 4
3%
808 4
3%
812 4
3%
821 4
3%
833 4
3%
834 4
3%
883 4
3%
896 4
3%
907 4
3%
910 4
3%
916 4
3%
994 4
3%
751 5
3%
782 5
3%
799 5
3%
801 5
3%
806 5
3%
809 5
3%
810 5
3%
823 5
3%
830 5
3%
837 5
3%
840 5
3%
866 5
3%
871 5
3%
874 5
3%
901 5
3%
905 5
3%
914 5
3%
915 5
3%
923 5
3%
925 5
3%
935 5
3%
940 5
3%
944 5
3%
947 5
3%
953 5
3%
958 5
3%
987 5
3%
1005 5
3%
1007 5
3%
1026 5
3%
722 6
3%
749 6
3%
792 6
3%
795 6
3%
813 6
3%
820 6
3%
835 6
3%
842 6
3%
870 6
3%
886 6
3%
892 6
3%
893 6
3%
917 6
3%
926 6
3%
929 6
3%
966 6
3%
969 6
3%
970 6
3%
981 6
3%
982 6
3%
993 6
3%
1040 6
3%
739 7
3%
740 7
3%
742 7
3%
743 7
3%
754 7
3%
784 7
3%
787 7
3%
851 7
3%
861 7
3%
865 7
3%
873 7
3%
888 7
3%
890 7
3%
891 7
3%
897 7
3%
913 7
3%
919 7
3%
937 7
3%
939 7
3%
943 7
3%
948 7
3%
949 7
3%
954 7
3%
955 7
3%
962 7
3%
978 7
3%
980 7
3%
1008 7
3%
729 8
3%
733 8
3%
790 8
3%
798 8
3%
816 8
3%
828 8
3%
836 8
3%
848 8
3%
849 8
3%
862 8
3%
864 8
3%
868 8
3%
869 8
3%
872 8
3%
879 8
3%
881 8
3%
903 8
3%
912 8
3%
918 8
3%
928 8
3%
931 8
3%
932 8
3%
938 8
3%
950 8
3%
952 8
3%
956 8
3%
967 8
3%
979 8
3%
999 8
3%
1002 8
3%
1016 8
3%
1023 8
3%
732 9
3%
738 9
3%
747 9
3%
748 9
3%
777 9
3%
778 9
3%
783 9
3%
794 9
3%
800 9
3%
807 9
3%
814 9
3%
844 9
3%
894 9
3%
902 9
3%
908 9
3%
924 9
3%
941 9
3%
946 9
3%
976 9
3%
986 9
3%
988 9
3%
990 9
3%
998 9
3%
1000 9
3%
1004 9
3%
1027 9
3%
1012 0
2%
1044 0
2%
1046 0
2%
1051 0
2%
1055 0
2%
1116 0
2%
1122 0
2%
1144 0
2%
1147 0
2%
1171 0
2%
1173 0
2%
1175 0
2%
1176 0
2%
1181 0
2%
1189 0
2%
1190 0
2%
1198 0
2%
1208 0
2%
1214 0
2%
1218 0
2%
1220 0
2%
1224 0
2%
1271 0
2%
1273 0
2%
1283 0
2%
1285 0
2%
1294 0
2%
1309 0
2%
1319 0
2%
1327 0
2%
1333 0
2%
1336 0
2%
1339 0
2%
1344 0
2%
1359 0
2%
1360 0
2%
1368 0
2%
1391 0
2%
1414 0
2%
1415 0
2%
1438 0
2%
1440 0
2%
1454 0
2%
1463 0
2%
1482 0
2%
1488 0
2%
1493 0
2%
1496 0
2%
1514 0
2%
1521 0
2%
1527 0
2%
1556 0
2%
1587 0
2%
1598 0
2%
1599 0
2%
1600 0
2%
1606 0
2%
1608 0
2%
1609 0
2%
1635 0
2%
1691 0
2%
1861 0
2%
1888 0
2%
1999 0
2%
2250 0
2%
1056 1
2%
1076 1
2%
1080 1
2%
1086 1
2%
1096 1
2%
1098 1
2%
1100 1
2%
1114 1
2%
1129 1
2%
1130 1
2%
1134 1
2%
1152 1
2%
1166 1
2%
1182 1
2%
1185 1
2%
1186 1
2%
1199 1
2%
1206 1
2%
1219 1
2%
1223 1
2%
1225 1
2%
1227 1
2%
1237 1
2%
1270 1
2%
1299 1
2%
1304 1
2%
1315 1
2%
1318 1
2%
1324 1
2%
1342 1
2%
1345 1
2%
1349 1
2%
1350 1
2%
1382 1
2%
1384 1
2%
1410 1
2%
1419 1
2%
1422 1
2%
1425 1
2%
1427 1
2%
1436 1
2%
1444 1
2%
1487 1
2%
1503 1
2%
1504 1
2%
1534 1
2%
1535 1
2%
1539 1
2%
1572 1
2%
1574 1
2%
1577 1
2%
1602 1
2%
1610 1
2%
1612 1
2%
1618 1
2%
1621 1
2%
1625 1
2%
1628 1
2%
1636 1
2%
1638 1
2%
1641 1
2%
1651 1
2%
1653 1
2%
1656 1
2%
1657 1
2%
1666 1
2%
1674 1
2%
1696 1
2%
1709 1
2%
1715 1
2%
1733 1
2%
1738 1
2%
1758 1
2%
1767 1
2%
1788 1
2%
1812 1
2%
1816 1
2%
1843 1
2%
1849 1
2%
1864 1
2%
1881 1
2%
1892 1
2%
1896 1
2%
1915 1
2%
1924 1
2%
1928 1
2%
1944 1
2%
1946 1
2%
1967 1
2%
1985 1
2%
2142 1
2%
2389 1
2%
3000 1
2%
1050 2
2%
1059 2
2%
1070 2
2%
1071 2
2%
1081 2
2%
1085 2
2%
1090 2
2%
1108 2
2%
1110 2
2%
1124 2
2%
1136 2
2%
1168 2
2%
1178 2
2%
1196 2
2%
1200 2
2%
1230 2
2%
1255 2
2%
1265 2
2%
1282 2
2%
1291 2
2%
1300 2
2%
1310 2
2%
1317 2
2%
1323 2
2%
1326 2
2%
1334 2
2%
1351 2
2%
1356 2
2%
1369 2
2%
1378 2
2%
1387 2
2%
1389 2
2%
1393 2
2%
1397 2
2%
1398 2
2%
1404 2
2%
1421 2
2%
1426 2
2%
1430 2
2%
1441 2
2%
1446 2
2%
1475 2
2%
1484 2
2%
1486 2
2%
1497 2
2%
1502 2
2%
1513 2
2%
1515 2
2%
1522 2
2%
1559 2
2%
1563 2
2%
1565 2
2%
1569 2
2%
1584 2
2%
1593 2
2%
1615 2
2%
1620 2
2%
1624 2
2%
1627 2
2%
1632 2
2%
1662 2
2%
1665 2
2%
1685 2
2%
1688 2
2%
1707 2
2%
1713 2
2%
1728 2
2%
1732 2
2%
1735 2
2%
1737 2
2%
1741 2
2%
1743 2
2%
1747 2
2%
1750 2
2%
1781 2
2%
1783 2
2%
1785 2
2%
1802 2
2%
1840 2
2%
1844 2
2%
1846 2
2%
1854 2
2%
1865 2
2%
1871 2
2%
1879 2
2%
1885 2
2%
1889 2
2%
1891 2
2%
1906 2
2%
1910 2
2%
1925 2
2%
1948 2
2%
1965 2
2%
1977 2
2%
1994 2
2%
2025 2
2%
2244 2
2%
2278 2
2%
1028 3
2%
1032 3
2%
1033 3
2%
1043 3
2%
1045 3
2%
1052 3
2%
1054 3
2%
1068 3
2%
1077 3
2%
1092 3
2%
1097 3
2%
1127 3
2%
1128 3
2%
1150 3
2%
1157 3
2%
1163 3
2%
1165 3
2%
1187 3
2%
1204 3
2%
1209 3
2%
1212 3
2%
1247 3
2%
1258 3
2%
1277 3
2%
1302 3
2%
1303 3
2%
1305 3
2%
1340 3
2%
1347 3
2%
1353 3
2%
1354 3
2%
1358 3
2%
1361 3
2%
1377 3
2%
1380 3
2%
1405 3
2%
1412 3
2%
1417 3
2%
1435 3
2%
1439 3
2%
1460 3
2%
1495 3
2%
1501 3
2%
1507 3
2%
1523 3
2%
1541 3
2%
1548 3
2%
1552 3
2%
1596 3
2%
1623 3
2%
1633 3
2%
1644 3
2%
1654 3
2%
1660 3
2%
1667 3
2%
1668 3
2%
1682 3
2%
1686 3
2%
1687 3
2%
1689 3
2%
1693 3
2%
1698 3
2%
1699 3
2%
1700 3
2%
1719 3
2%
1770 3
2%
1798 3
2%
1913 3
2%
1015 4
2%
1075 4
2%
1082 4
2%
1093 4
2%
1104 4
2%
1109 4
2%
1111 4
2%
1113 4
2%
1155 4
2%
1159 4
2%
1161 4
2%
1174 4
2%
1193 4
2%
1197 4
2%
1221 4
2%
1229 4
2%
1241 4
2%
1249 4
2%
1250 4
2%
1252 4
2%
1253 4
2%
1263 4
2%
1268 4
2%
1272 4
2%
1274 4
2%
1278 4
2%
1280 4
2%
1286 4
2%
1290 4
2%
1297 4
2%
1320 4
2%
1335 4
2%
1357 4
2%
1367 4
2%
1370 4
2%
1372 4
2%
1375 4
2%
1383 4
2%
1392 4
2%
1407 4
2%
1418 4
2%
1424 4
2%
1431 4
2%
1449 4
2%
1457 4
2%
1465 4
2%
1467 4
2%
1508 4
2%
1509 4
2%
1525 4
2%
1531 4
2%
1542 4
2%
1558 4
2%
1562 4
2%
1576 4
2%
1581 4
2%
1604 4
2%
1613 4
2%
1616 4
2%
1629 4
2%
1637 4
2%
1639 4
2%
1640 4
2%
1649 4
2%
1669 4
2%
1673 4
2%
1676 4
2%
1678 4
2%
1681 4
2%
1695 4
2%
1697 4
2%
1701 4
2%
1703 4
2%
1708 4
2%
1740 4
2%
1749 4
2%
1764 4
2%
1904 4
2%
1905 4
2%
1014 5
2%
1017 5
2%
1031 5
2%
1049 5
2%
1053 5
2%
1058 5
2%
1065 5
2%
1072 5
2%
1089 5
2%
1099 5
2%
1101 5
2%
1102 5
2%
1106 5
2%
1112 5
2%
1115 5
2%
1119 5
2%
1121 5
2%
1126 5
2%
1139 5
2%
1140 5
2%
1146 5
2%
1154 5
2%
1169 5
2%
1170 5
2%
1202 5
2%
1210 5
2%
1232 5
2%
1233 5
2%
1234 5
2%
1256 5
2%
1257 5
2%
1276 5
2%
1292 5
2%
1316 5
2%
1322 5
2%
1328 5
2%
1337 5
2%
1343 5
2%
1348 5
2%
1352 5
2%
1362 5
2%
1363 5
2%
1406 5
2%
1432 5
2%
1437 5
2%
1450 5
2%
1451 5
2%
1452 5
2%
1462 5
2%
1464 5
2%
1468 5
2%
1471 5
2%
1479 5
2%
1492 5
2%
1499 5
2%
1500 5
2%
1506 5
2%
1517 5
2%
1518 5
2%
1530 5
2%
1547 5
2%
1549 5
2%
1561 5
2%
1564 5
2%
1570 5
2%
1571 5
2%
1579 5
2%
1614 5
2%
1634 5
2%
1645 5
2%
1648 5
2%
1658 5
2%
1661 5
2%
1663 5
2%
1664 5
2%
1671 5
2%
1684 5
2%
1702 5
2%
1726 5
2%
1751 5
2%
1794 5
2%
1920 5
2%
1013 6
2%
1019 6
2%
1025 6
2%
1029 6
2%
1061 6
2%
1069 6
2%
1117 6
2%
1131 6
2%
1133 6
2%
1156 6
2%
1160 6
2%
1172 6
2%
1183 6
2%
1205 6
2%
1207 6
2%
1211 6
2%
1216 6
2%
1217 6
2%
1236 6
2%
1242 6
2%
1244 6
2%
1266 6
2%
1279 6
2%
1281 6
2%
1287 6
2%
1288 6
2%
1295 6
2%
1306 6
2%
1325 6
2%
1329 6
2%
1331 6
2%
1332 6
2%
1366 6
2%
1374 6
2%
1379 6
2%
1390 6
2%
1394 6
2%
1401 6
2%
1411 6
2%
1413 6
2%
1423 6
2%
1434 6
2%
1443 6
2%
1455 6
2%
1473 6
2%
1476 6
2%
1480 6
2%
1505 6
2%
1520 6
2%
1524 6
2%
1528 6
2%
1529 6
2%
1550 6
2%
1551 6
2%
1553 6
2%
1560 6
2%
1568 6
2%
1582 6
2%
1603 6
2%
1607 6
2%
1611 6
2%
1646 6
2%
1652 6
2%
1655 6
2%
1679 6
2%
1706 6
2%
1710 6
2%
1712 6
2%
1752 6
2%
1756 6
2%
1791 6
2%
1860 6
2%
1902 6
2%
1932 6
2%
1022 7
2%
1038 7
2%
1066 7
2%
1067 7
2%
1084 7
2%
1087 7
2%
1088 7
2%
1094 7
2%
1103 7
2%
1107 7
2%
1135 7
2%
1137 7
2%
1145 7
2%
1153 7
2%
1158 7
2%
1179 7
2%
1180 7
2%
1184 7
2%
1213 7
2%
1215 7
2%
1222 7
2%
1243 7
2%
1245 7
2%
1248 7
2%
1259 7
2%
1261 7
2%
1262 7
2%
1264 7
2%
1269 7
2%
1275 7
2%
1307 7
2%
1308 7
2%
1321 7
2%
1365 7
2%
1371 7
2%
1376 7
2%
1388 7
2%
1399 7
2%
1402 7
2%
1408 7
2%
1420 7
2%
1448 7
2%
1453 7
2%
1456 7
2%
1485 7
2%
1489 7
2%
1491 7
2%
1512 7
2%
1516 7
2%
1543 7
2%
1545 7
2%
1546 7
2%
1557 7
2%
1566 7
2%
1578 7
2%
1580 7
2%
1583 7
2%
1589 7
2%
1590 7
2%
1591 7
2%
1592 7
2%
1594 7
2%
1605 7
2%
1622 7
2%
1626 7
2%
1630 7
2%
1631 7
2%
1643 7
2%
1659 7
2%
1670 7
2%
1672 7
2%
1692 7
2%
1704 7
2%
1705 7
2%
1757 7
2%
1903 7
2%
1907 7
2%
1018 8
2%
1024 8
2%
1034 8
2%
1036 8
2%
1041 8
2%
1057 8
2%
1062 8
2%
1078 8
2%
1091 8
2%
1105 8
2%
1123 8
2%
1132 8
2%
1138 8
2%
1141 8
2%
1142 8
2%
1149 8
2%
1151 8
2%
1192 8
2%
1194 8
2%
1195 8
2%
1201 8
2%
1203 8
2%
1226 8
2%
1239 8
2%
1246 8
2%
1254 8
2%
1267 8
2%
1284 8
2%
1289 8
2%
1311 8
2%
1313 8
2%
1338 8
2%
1341 8
2%
1355 8
2%
1364 8
2%
1403 8
2%
1409 8
2%
1433 8
2%
1442 8
2%
1445 8
2%
1459 8
2%
1461 8
2%
1469 8
2%
1470 8
2%
1472 8
2%
1511 8
2%
1526 8
2%
1537 8
2%
1538 8
2%
1540 8
2%
1555 8
2%
1567 8
2%
1573 8
2%
1575 8
2%
1585 8
2%
1597 8
2%
1601 8
2%
1647 8
2%
1650 8
2%
1675 8
2%
1680 8
2%
1683 8
2%
1711 8
2%
1724 8
2%
1753 8
2%
1754 8
2%
1778 8
2%
1779 8
2%
1835 8
2%
1931 8
2%
1972 8
2%
1039 9
2%
1048 9
2%
1060 9
2%
1063 9
2%
1064 9
2%
1073 9
2%
1074 9
2%
1079 9
2%
1083 9
2%
1095 9
2%
1118 9
2%
1120 9
2%
1125 9
2%
1143 9
2%
1148 9
2%
1162 9
2%
1164 9
2%
1167 9
2%
1177 9
2%
1188 9
2%
1191 9
2%
1228 9
2%
1231 9
2%
1235 9
2%
1238 9
2%
1240 9
2%
1251 9
2%
1260 9
2%
1293 9
2%
1296 9
2%
1298 9
2%
1301 9
2%
1312 9
2%
1314 9
2%
1330 9
2%
1346 9
2%
1373 9
2%
1381 9
2%
1385 9
2%
1386 9
2%
1395 9
2%
1396 9
2%
1400 9
2%
1416 9
2%
1428 9
2%
1429 9
2%
1447 9
2%
1458 9
2%
1466 9
2%
1474 9
2%
1477 9
2%
1478 9
2%
1481 9
2%
1483 9
2%
1490 9
2%
1494 9
2%
1498 9
2%
1510 9
2%
1519 9
2%
1532 9
2%
1533 9
2%
1536 9
2%
1544 9
2%
1554 9
2%
1586 9
2%
1588 9
2%
1595 9
2%
1617 9
2%
1619 9
2%
1642 9
2%
1677 9
2%
1690 9
2%
1694 9
2%
1804 9
2%
1933 9
2%
1963 9
2%
1970 9
2%
2000 9
2%
1729 0
1%
1746 0
1%
1761 0
1%
1766 0
1%
1775 0
1%
1792 0
1%
1817 0
1%
1818 0
1%
1830 0
1%
1833 0
1%
1836 0
1%
1837 0
1%
1847 0
1%
1877 0
1%
1893 0
1%
1901 0
1%
1912 0
1%
1921 0
1%
1935 0
1%
1971 0
1%
1989 0
1%
1993 0
1%
1998 0
1%
2008 0
1%
2030 0
1%
2040 0
1%
2048 0
1%
2066 0
1%
2073 0
1%
2075 0
1%
2079 0
1%
2093 0
1%
2095 0
1%
2099 0
1%
2126 0
1%
2130 0
1%
2136 0
1%
2153 0
1%
2163 0
1%
2184 0
1%
2239 0
1%
2284 0
1%
2291 0
1%
2293 0
1%
2304 0
1%
2322 0
1%
2339 0
1%
2340 0
1%
2347 0
1%
2366 0
1%
2374 0
1%
2395 0
1%
2399 0
1%
2401 0
1%
2469 0
1%
2479 0
1%
2503 0
1%
2506 0
1%
2515 0
1%
2521 0
1%
2524 0
1%
2535 0
1%
2559 0
1%
2562 0
1%
2564 0
1%
2567 0
1%
2570 0
1%
2580 0
1%
2583 0
1%
2589 0
1%
2602 0
1%
2603 0
1%
2609 0
1%
2657 0
1%
2665 0
1%
2670 0
1%
2722 0
1%
2750 0
1%
2781 0
1%
2789 0
1%
2793 0
1%
2801 0
1%
2806 0
1%
2807 0
1%
2811 0
1%
2818 0
1%
2831 0
1%
2861 0
1%
2865 0
1%
2875 0
1%
2881 0
1%
2882 0
1%
2886 0
1%
2892 0
1%
2914 0
1%
2931 0
1%
2956 0
1%
2985 0
1%
2987 0
1%
3008 0
1%
3010 0
1%
3018 0
1%
3026 0
1%
3033 0
1%
3037 0
1%
3061 0
1%
3064 0
1%
3067 0
1%
3073 0
1%
3095 0
1%
3101 0
1%
3103 0
1%
3106 0
1%
3119 0
1%
3122 0
1%
3134 0
1%
3144 0
1%
3154 0
1%
3155 0
1%
3163 0
1%
3168 0
1%
3171 0
1%
3191 0
1%
3202 0
1%
3203 0
1%
3206 0
1%
3209 0
1%
3232 0
1%
3242 0
1%
3247 0
1%
3252 0
1%
3255 0
1%
3260 0
1%
3264 0
1%
3268 0
1%
3284 0
1%
3285 0
1%
3288 0
1%
3298 0
1%
3299 0
1%
3303 0
1%
3330 0
1%
3375 0
1%
3377 0
1%
3384 0
1%
3391 0
1%
3406 0
1%
3412 0
1%
3418 0
1%
3423 0
1%
3444 0
1%
3458 0
1%
3473 0
1%
3481 0
1%
3482 0
1%
3487 0
1%
3495 0
1%
3510 0
1%
3524 0
1%
3528 0
1%
3558 0
1%
3563 0
1%
3590 0
1%
3622 0
1%
3628 0
1%
3632 0
1%
3640 0
1%
3642 0
1%
3666 0
1%
3669 0
1%
3677 0
1%
3696 0
1%
3706 0
1%
3715 0
1%
3750 0
1%
3755 0
1%
3766 0
1%
3769 0
1%
3775 0
1%
3791 0
1%
3803 0
1%
3812 0
1%
3814 0
1%
3816 0
1%
3825 0
1%
3830 0
1%
3832 0
1%
3835 0
1%
3838 0
1%
3846 0
1%
3849 0
1%
3850 0
1%
3862 0
1%
3926 0
1%
3940 0
1%
3950 0
1%
3953 0
1%
3965 0
1%
3967 0
1%
3981 0
1%
3983 0
1%
3997 0
1%
4007 0
1%
4015 0
1%
4030 0
1%
4035 0
1%
4048 0
1%
4060 0
1%
4069 0
1%
4076 0
1%
4077 0
1%
4083 0
1%
4098 0
1%
4107 0
1%
4132 0
1%
4150 0
1%
4166 0
1%
4170 0
1%
4196 0
1%
4199 0
1%
4200 0
1%
4202 0
1%
4203 0
1%
4217 0
1%
4227 0
1%
4230 0
1%
4236 0
1%
4249 0
1%
4255 0
1%
4256 0
1%
4257 0
1%
4259 0
1%
4273 0
1%
4287 0
1%
4293 0
1%
4300 0
1%
4316 0
1%
4322 0
1%
4327 0
1%
4334 0
1%
4352 0
1%
4367 0
1%
4368 0
1%
4371 0
1%
4383 0
1%
4392 0
1%
4401 0
1%
4404 0
1%
4448 0
1%
4459 0
1%
4461 0
1%
4476 0
1%
4480 0
1%
4499 0
1%
4513 0
1%
4526 0
1%
4529 0
1%
4540 0
1%
4544 0
1%
4546 0
1%
4551 0
1%
4554 0
1%
4556 0
1%
4593 0
1%
4604 0
1%
4618 0
1%
4621 0
1%
4650 0
1%
4677 0
1%
4684 0
1%
4698 0
1%
4699 0
1%
4718 0
1%
4723 0
1%
4730 0
1%
4734 0
1%
4755 0
1%
4756 0
1%
4764 0
1%
4767 0
1%
4775 0
1%
4777 0
1%
4786 0
1%
4789 0
1%
4793 0
1%
4794 0
1%
4795 0
1%
4827 0
1%
4832 0
1%
4856 0
1%
4861 0
1%
4869 0
1%
4874 0
1%
4878 0
1%
4885 0
1%
4889 0
1%
4891 0
1%
4915 0
1%
4920 0
1%
4931 0
1%
4936 0
1%
4940 0
1%
4953 0
1%
4996 0
1%
1850 1
1%
1897 1
1%
2013 1
1%
2054 1
1%
2067 1
1%
2080 1
1%
2109 1
1%
2118 1
1%
2121 1
1%
2128 1
1%
2148 1
1%
2150 1
1%
2162 1
1%
2185 1
1%
2187 1
1%
2197 1
1%
2215 1
1%
2220 1
1%
2238 1
1%
2287 1
1%
2295 1
1%
2307 1
1%
2311 1
1%
2327 1
1%
2331 1
1%
2341 1
1%
2345 1
1%
2352 1
1%
2402 1
1%
2428 1
1%
2458 1
1%
2459 1
1%
2491 1
1%
2497 1
1%
2498 1
1%
2501 1
1%
2514 1
1%
2534 1
1%
2539 1
1%
2545 1
1%
2563 1
1%
2565 1
1%
2573 1
1%
2591 1
1%
2606 1
1%
2619 1
1%
2628 1
1%
2632 1
1%
2640 1
1%
2666 1
1%
2677 1
1%
2685 1
1%
2688 1
1%
2721 1
1%
2724 1
1%
2725 1
1%
2727 1
1%
2740 1
1%
2741 1
1%
2746 1
1%
2749 1
1%
2752 1
1%
2763 1
1%
2776 1
1%
2779 1
1%
2780 1
1%
2782 1
1%
2810 1
1%
2821 1
1%
2844 1
1%
2849 1
1%
2856 1
1%
2867 1
1%
2872 1
1%
2874 1
1%
2880 1
1%
2888 1
1%
2897 1
1%
2902 1
1%
2904 1
1%
2905 1
1%
2916 1
1%
2918 1
1%
2938 1
1%
2942 1
1%
2944 1
1%
2947 1
1%
2955 1
1%
2957 1
1%
2960 1
1%
2964 1
1%
2966 1
1%
2971 1
1%
2976 1
1%
2989 1
1%
2997 1
1%
3013 1
1%
3024 1
1%
3030 1
1%
3034 1
1%
3043 1
1%
3082 1
1%
3093 1
1%
3096 1
1%
3099 1
1%
3125 1
1%
3135 1
1%
3149 1
1%
3157 1
1%
3166 1
1%
3170 1
1%
3177 1
1%
3186 1
1%
3201 1
1%
3208 1
1%
3220 1
1%
3237 1
1%
3241 1
1%
3250 1
1%
3253 1
1%
3254 1
1%
3258 1
1%
3275 1
1%
3280 1
1%
3310 1
1%
3318 1
1%
3322 1
1%
3325 1
1%
3328 1
1%
3337 1
1%
3339 1
1%
3343 1
1%
3346 1
1%
3354 1
1%
3358 1
1%
3362 1
1%
3370 1
1%
3393 1
1%
3398 1
1%
3399 1
1%
3405 1
1%
3409 1
1%
3414 1
1%
3419 1
1%
3426 1
1%
3439 1
1%
3455 1
1%
3457 1
1%
3464 1
1%
3466 1
1%
3475 1
1%
3480 1
1%
3486 1
1%
3493 1
1%
3494 1
1%
3497 1
1%
3499 1
1%
3503 1
1%
3504 1
1%
3505 1
1%
3516 1
1%
3522 1
1%
3525 1
1%
3529 1
1%
3532 1
1%
3534 1
1%
3535 1
1%
3539 1
1%
3541 1
1%
3549 1
1%
3553 1
1%
3585 1
1%
3596 1
1%
3607 1
1%
3616 1
1%
3644 1
1%
3648 1
1%
3650 1
1%
3660 1
1%
3664 1
1%
3672 1
1%
3690 1
1%
3713 1
1%
3735 1
1%
3736 1
1%
3757 1
1%
3761 1
1%
3789 1
1%
3794 1
1%
3801 1
1%
3822 1
1%
3823 1
1%
3826 1
1%
3828 1
1%
3839 1
1%
3844 1
1%
3845 1
1%
3847 1
1%
3848 1
1%
3858 1
1%
3860 1
1%
3892 1
1%
3902 1
1%
3904 1
1%
3922 1
1%
3939 1
1%
3956 1
1%
3959 1
1%
3963 1
1%
3964 1
1%
3966 1
1%
3978 1
1%
3982 1
1%
3992 1
1%
3993 1
1%
3994 1
1%
4013 1
1%
4014 1
1%
4034 1
1%
4044 1
1%
4056 1
1%
4070 1
1%
4075 1
1%
4093 1
1%
4094 1
1%
4097 1
1%
4111 1
1%
4112 1
1%
4128 1
1%
4145 1
1%
4160 1
1%
4172 1
1%
4179 1
1%
4189 1
1%
4194 1
1%
4213 1
1%
4218 1
1%
4220 1
1%
4245 1
1%
4247 1
1%
4251 1
1%
4252 1
1%
4275 1
1%
4342 1
1%
4354 1
1%
4355 1
1%
4362 1
1%
4365 1
1%
4372 1
1%
4381 1
1%
4385 1
1%
4389 1
1%
4414 1
1%
4418 1
1%
4425 1
1%
4430 1
1%
4444 1
1%
4449 1
1%
4450 1
1%
4455 1
1%
4469 1
1%
4475 1
1%
4485 1
1%
4494 1
1%
4500 1
1%
4506 1
1%
4508 1
1%
4509 1
1%
4510 1
1%
4531 1
1%
4536 1
1%
4538 1
1%
4555 1
1%
4559 1
1%
4561 1
1%
4566 1
1%
4568 1
1%
4583 1
1%
4597 1
1%
4600 1
1%
4606 1
1%
4612 1
1%
4626 1
1%
4629 1
1%
4642 1
1%
4645 1
1%
4648 1
1%
4653 1
1%
4678 1
1%
4679 1
1%
4711 1
1%
4728 1
1%
4732 1
1%
4742 1
1%
4746 1
1%
4774 1
1%
4779 1
1%
4782 1
1%
4783 1
1%
4791 1
1%
4802 1
1%
4804 1
1%
4805 1
1%
4813 1
1%
4820 1
1%
4821 1
1%
4828 1
1%
4837 1
1%
4858 1
1%
4866 1
1%
4899 1
1%
4909 1
1%
4913 1
1%
4956 1
1%
4960 1
1%
4969 1
1%
4975 1
1%
4992 1
1%
1736 2
1%
1841 2
1%
1890 2
1%
1911 2
1%
2014 2
1%
2033 2
1%
2036 2
1%
2037 2
1%
2039 2
1%
2042 2
1%
2043 2
1%
2051 2
1%
2059 2
1%
2064 2
1%
2076 2
1%
2098 2
1%
2104 2
1%
2106 2
1%
2123 2
1%
2134 2
1%
2140 2
1%
2141 2
1%
2175 2
1%
2192 2
1%
2200 2
1%
2211 2
1%
2225 2
1%
2227 2
1%
2246 2
1%
2257 2
1%
2279 2
1%
2280 2
1%
2282 2
1%
2288 2
1%
2296 2
1%
2308 2
1%
2319 2
1%
2342 2
1%
2372 2
1%
2373 2
1%
2376 2
1%
2377 2
1%
2378 2
1%
2381 2
1%
2396 2
1%
2406 2
1%
2412 2
1%
2413 2
1%
2425 2
1%
2427 2
1%
2432 2
1%
2433 2
1%
2444 2
1%
2447 2
1%
2467 2
1%
2495 2
1%
2499 2
1%
2525 2
1%
2527 2
1%
2528 2
1%
2551 2
1%
2552 2
1%
2576 2
1%
2582 2
1%
2594 2
1%
2617 2
1%
2633 2
1%
2639 2
1%
2643 2
1%
2651 2
1%
2652 2
1%
2668 2
1%
2679 2
1%
2690 2
1%
2695 2
1%
2703 2
1%
2713 2
1%
2720 2
1%
2738 2
1%
2744 2
1%
2751 2
1%
2761 2
1%
2766 2
1%
2769 2
1%
2794 2
1%
2805 2
1%
2820 2
1%
2843 2
1%
2866 2
1%
2899 2
1%
2913 2
1%
2924 2
1%
2939 2
1%
2946 2
1%
2973 2
1%
2977 2
1%
2995 2
1%
3007 2
1%
3019 2
1%
3020 2
1%
3022 2
1%
3036 2
1%
3042 2
1%
3072 2
1%
3080 2
1%
3081 2
1%
3084 2
1%
3087 2
1%
3098 2
1%
3118 2
1%
3120 2
1%
3131 2
1%
3133 2
1%
3141 2
1%
3147 2
1%
3156 2
1%
3159 2
1%
3196 2
1%
3234 2
1%
3243 2
1%
3259 2
1%
3262 2
1%
3287 2
1%
3301 2
1%
3317 2
1%
3323 2
1%
3329 2
1%
3333 2
1%
3335 2
1%
3341 2
1%
3347 2
1%
3353 2
1%
3368 2
1%
3382 2
1%
3389 2
1%
3390 2
1%
3402 2
1%
3403 2
1%
3416 2
1%
3427 2
1%
3434 2
1%
3435 2
1%
3436 2
1%
3443 2
1%
3453 2
1%
3456 2
1%
3472 2
1%
3479 2
1%
3500 2
1%
3573 2
1%
3581 2
1%
3604 2
1%
3605 2
1%
3615 2
1%
3618 2
1%
3631 2
1%
3637 2
1%
3667 2
1%
3680 2
1%
3691 2
1%
3693 2
1%
3699 2
1%
3701 2
1%
3704 2
1%
3709 2
1%
3714 2
1%
3724 2
1%
3732 2
1%
3739 2
1%
3759 2
1%
3768 2
1%
3772 2
1%
3783 2
1%
3792 2
1%
3796 2
1%
3821 2
1%
3824 2
1%
3831 2
1%
3843 2
1%
3854 2
1%
3857 2
1%
3865 2
1%
3883 2
1%
3884 2
1%
3893 2
1%
3897 2
1%
3901 2
1%
3914 2
1%
3916 2
1%
3933 2
1%
3935 2
1%
3944 2
1%
3945 2
1%
3951 2
1%
3972 2
1%
3974 2
1%
3976 2
1%
3980 2
1%
3985 2
1%
3988 2
1%
3989 2
1%
3991 2
1%
4009 2
1%
4029 2
1%
4041 2
1%
4047 2
1%
4057 2
1%
4068 2
1%
4079 2
1%
4123 2
1%
4136 2
1%
4155 2
1%
4161 2
1%
4204 2
1%
4221 2
1%
4229 2
1%
4233 2
1%
4234 2
1%
4253 2
1%
4267 2
1%
4291 2
1%
4295 2
1%
4305 2
1%
4318 2
1%
4348 2
1%
4351 2
1%
4353 2
1%
4369 2
1%
4373 2
1%
4375 2
1%
4376 2
1%
4384 2
1%
4396 2
1%
4399 2
1%
4415 2
1%
4433 2
1%
4451 2
1%
4471 2
1%
4474 2
1%
4515 2
1%
4519 2
1%
4528 2
1%
4541 2
1%
4560 2
1%
4564 2
1%
4565 2
1%
4578 2
1%
4580 2
1%
4581 2
1%
4585 2
1%
4596 2
1%
4608 2
1%
4609 2
1%
4625 2
1%
4631 2
1%
4638 2
1%
4639 2
1%
4644 2
1%
4657 2
1%
4686 2
1%
4705 2
1%
4710 2
1%
4729 2
1%
4740 2
1%
4748 2
1%
4761 2
1%
4765 2
1%
4768 2
1%
4769 2
1%
4773 2
1%
4781 2
1%
4788 2
1%
4797 2
1%
4798 2
1%
4812 2
1%
4840 2
1%
4844 2
1%
4852 2
1%
4854 2
1%
4875 2
1%
4880 2
1%
4902 2
1%
4903 2
1%
4904 2
1%
4905 2
1%
4945 2
1%
4972 2
1%
4976 2
1%
4994 2
1%
1784 3
1%
1800 3
1%
1821 3
1%
1824 3
1%
1828 3
1%
1852 3
1%
1900 3
1%
1926 3
1%
1929 3
1%
1939 3
1%
1942 3
1%
1962 3
1%
1968 3
1%
1976 3
1%
1986 3
1%
1987 3
1%
2020 3
1%
2023 3
1%
2081 3
1%
2083 3
1%
2087 3
1%
2092 3
1%
2100 3
1%
2113 3
1%
2120 3
1%
2138 3
1%
2158 3
1%
2183 3
1%
2190 3
1%
2198 3
1%
2205 3
1%
2232 3
1%
2237 3
1%
2259 3
1%
2271 3
1%
2273 3
1%
2276 3
1%
2298 3
1%
2302 3
1%
2312 3
1%
2333 3
1%
2368 3
1%
2370 3
1%
2408 3
1%
2429 3
1%
2448 3
1%
2461 3
1%
2468 3
1%
2480 3
1%
2484 3
1%
2486 3
1%
2494 3
1%
2538 3
1%
2546 3
1%
2568 3
1%
2569 3
1%
2597 3
1%
2620 3
1%
2631 3
1%
2678 3
1%
2680 3
1%
2691 3
1%
2696 3
1%
2698 3
1%
2728 3
1%
2732 3
1%
2735 3
1%
2739 3
1%
2742 3
1%
2753 3
1%
2759 3
1%
2762 3
1%
2774 3
1%
2790 3
1%
2798 3
1%
2802 3
1%
2809 3
1%
2816 3
1%
2824 3
1%
2841 3
1%
2842 3
1%
2850 3
1%
2859 3
1%
2864 3
1%
2871 3
1%
2884 3
1%
2909 3
1%
2922 3
1%
2934 3
1%
2940 3
1%
2953 3
1%
2978 3
1%
2996 3
1%
3023 3
1%
3027 3
1%
3032 3
1%
3039 3
1%
3044 3
1%
3053 3
1%
3056 3
1%
3063 3
1%
3065 3
1%
3076 3
1%
3102 3
1%
3107 3
1%
3113 3
1%
3146 3
1%
3158 3
1%
3161 3
1%
3175 3
1%
3176 3
1%
3179 3
1%
3189 3
1%
3222 3
1%
3227 3
1%
3229 3
1%
3266 3
1%
3269 3
1%
3289 3
1%
3290 3
1%
3296 3
1%
3302 3
1%
3309 3
1%
3313 3
1%
3321 3
1%
3332 3
1%
3352 3
1%
3421 3
1%
3433 3
1%
3441 3
1%
3446 3
1%
3448 3
1%
3460 3
1%
3467 3
1%
3488 3
1%
3489 3
1%
3496 3
1%
3506 3
1%
3518 3
1%
3521 3
1%
3543 3
1%
3551 3
1%
3574 3
1%
3577 3
1%
3583 3
1%
3584 3
1%
3587 3
1%
3599 3
1%
3603 3
1%
3614 3
1%
3617 3
1%
3620 3
1%
3621 3
1%
3662 3
1%
3676 3
1%
3700 3
1%
3702 3
1%
3703 3
1%
3719 3
1%
3720 3
1%
3723 3
1%
3730 3
1%
3733 3
1%
3738 3
1%
3745 3
1%
3749 3
1%
3753 3
1%
3762 3
1%
3765 3
1%
3767 3
1%
3770 3
1%
3776 3
1%
3785 3
1%
3795 3
1%
3805 3
1%
3808 3
1%
3813 3
1%
3829 3
1%
3833 3
1%
3834 3
1%
3836 3
1%
3856 3
1%
3873 3
1%
3879 3
1%
3891 3
1%
3894 3
1%
3903 3
1%
3918 3
1%
3919 3
1%
3925 3
1%
3927 3
1%
3937 3
1%
3943 3
1%
3955 3
1%
3973 3
1%
3998 3
1%
4006 3
1%
4021 3
1%
4024 3
1%
4033 3
1%
4055 3
1%
4064 3
1%
4081 3
1%
4101 3
1%
4102 3
1%
4108 3
1%
4113 3
1%
4122 3
1%
4133 3
1%
4169 3
1%
4174 3
1%
4178 3
1%
4205 3
1%
4214 3
1%
4235 3
1%
4238 3
1%
4246 3
1%
4265 3
1%
4266 3
1%
4271 3
1%
4299 3
1%
4302 3
1%
4304 3
1%
4315 3
1%
4319 3
1%
4325 3
1%
4326 3
1%
4344 3
1%
4382 3
1%
4400 3
1%
4411 3
1%
4426 3
1%
4460 3
1%
4464 3
1%
4470 3
1%
4478 3
1%
4482 3
1%
4490 3
1%
4502 3
1%
4507 3
1%
4527 3
1%
4530 3
1%
4567 3
1%
4594 3
1%
4595 3
1%
4603 3
1%
4613 3
1%
4620 3
1%
4623 3
1%
4624 3
1%
4640 3
1%
4664 3
1%
4689 3
1%
4690 3
1%
4693 3
1%
4695 3
1%
4700 3
1%
4714 3
1%
4717 3
1%
4721 3
1%
4737 3
1%
4739 3
1%
4778 3
1%
4808 3
1%
4814 3
1%
4815 3
1%
4836 3
1%
4849 3
1%
4855 3
1%
4862 3
1%
4872 3
1%
4876 3
1%
4882 3
1%
4892 3
1%
4897 3
1%
4900 3
1%
4919 3
1%
4928 3
1%
4929 3
1%
4930 3
1%
4934 3
1%
4944 3
1%
4949 3
1%
4958 3
1%
4964 3
1%
4993 3
1%
1723 4
1%
1762 4
1%
1771 4
1%
1776 4
1%
1797 4
1%
1813 4
1%
1815 4
1%
1839 4
1%
1857 4
1%
1863 4
1%
1867 4
1%
1874 4
1%
1878 4
1%
1880 4
1%
1917 4
1%
1919 4
1%
1922 4
1%
1941 4
1%
1951 4
1%
1956 4
1%
1966 4
1%
1979 4
1%
1990 4
1%
2002 4
1%
2007 4
1%
2017 4
1%
2044 4
1%
2047 4
1%
2056 4
1%
2062 4
1%
2068 4
1%
2078 4
1%
2085 4
1%
2086 4
1%
2089 4
1%
2101 4
1%
2107 4
1%
2111 4
1%
2119 4
1%
2122 4
1%
2146 4
1%
2161 4
1%
2179 4
1%
2194 4
1%
2210 4
1%
2214 4
1%
2228 4
1%
2236 4
1%
2240 4
1%
2247 4
1%
2252 4
1%
2261 4
1%
2262 4
1%
2267 4
1%
2289 4
1%
2297 4
1%
2301 4
1%
2305 4
1%
2309 4
1%
2310 4
1%
2315 4
1%
2332 4
1%
2350 4
1%
2351 4
1%
2355 4
1%
2363 4
1%
2365 4
1%
2371 4
1%
2383 4
1%
2387 4
1%
2392 4
1%
2405 4
1%
2410 4
1%
2416 4
1%
2435 4
1%
2439 4
1%
2452 4
1%
2463 4
1%
2473 4
1%
2476 4
1%
2487 4
1%
2493 4
1%
2496 4
1%
2509 4
1%
2512 4
1%
2523 4
1%
2540 4
1%
2555 4
1%
2558 4
1%
2586 4
1%
2595 4
1%
2607 4
1%
2624 4
1%
2637 4
1%
2648 4
1%
2658 4
1%
2664 4
1%
2667 4
1%
2671 4
1%
2684 4
1%
2686 4
1%
2693 4
1%
2697 4
1%
2700 4
1%
2702 4
1%
2707 4
1%
2708 4
1%
2709 4
1%
2726 4
1%
2730 4
1%
2743 4
1%
2764 4
1%
2765 4
1%
2770 4
1%
2772 4
1%
2783 4
1%
2788 4
1%
2799 4
1%
2800 4
1%
2804 4
1%
2827 4
1%
2828 4
1%
2833 4
1%
2836 4
1%
2845 4
1%
2846 4
1%
2858 4
1%
2863 4
1%
2869 4
1%
2876 4
1%
2878 4
1%
2889 4
1%
2895 4
1%
2917 4
1%
2923 4
1%
2928 4
1%
2929 4
1%
2930 4
1%
2933 4
1%
2936 4
1%
2967 4
1%
2972 4
1%
2981 4
1%
2984 4
1%
2992 4
1%
2994 4
1%
3005 4
1%
3014 4
1%
3035 4
1%
3077 4
1%
3097 4
1%
3109 4
1%
3110 4
1%
3114 4
1%
3116 4
1%
3124 4
1%
3126 4
1%
3136 4
1%
3139 4
1%
3140 4
1%
3160 4
1%
3162 4
1%
3172 4
1%
3180 4
1%
3182 4
1%
3187 4
1%
3225 4
1%
3231 4
1%
3238 4
1%
3249 4
1%
3251 4
1%
3265 4
1%
3286 4
1%
3316 4
1%
3326 4
1%
3361 4
1%
3363 4
1%
3365 4
1%
3372 4
1%
3373 4
1%
3429 4
1%
3476 4
1%
3477 4
1%
3478 4
1%
3490 4
1%
3498 4
1%
3542 4
1%
3561 4
1%
3578 4
1%
3593 4
1%
3610 4
1%
3630 4
1%
3633 4
1%
3646 4
1%
3649 4
1%
3653 4
1%
3658 4
1%
3675 4
1%
3681 4
1%
3682 4
1%
3717 4
1%
3718 4
1%
3727 4
1%
3743 4
1%
3756 4
1%
3758 4
1%
3773 4
1%
3784 4
1%
3787 4
1%
3788 4
1%
3809 4
1%
3810 4
1%
3811 4
1%
3818 4
1%
3851 4
1%
3852 4
1%
3864 4
1%
3866 4
1%
3867 4
1%
3868 4
1%
3888 4
1%
3905 4
1%
3906 4
1%
3917 4
1%
3920 4
1%
3921 4
1%
3932 4
1%
3936 4
1%
3938 4
1%
3961 4
1%
3962 4
1%
3968 4
1%
3969 4
1%
4011 4
1%
4025 4
1%
4051 4
1%
4090 4
1%
4099 4
1%
4103 4
1%
4109 4
1%
4124 4
1%
4126 4
1%
4127 4
1%
4152 4
1%
4159 4
1%
4165 4
1%
4173 4
1%
4175 4
1%
4176 4
1%
4177 4
1%
4190 4
1%
4195 4
1%
4215 4
1%
4216 4
1%
4223 4
1%
4225 4
1%
4228 4
1%
4242 4
1%
4248 4
1%
4258 4
1%
4263 4
1%
4276 4
1%
4278 4
1%
4281 4
1%
4283 4
1%
4303 4
1%
4333 4
1%
4339 4
1%
4350 4
1%
4356 4
1%
4366 4
1%
4380 4
1%
4387 4
1%
4409 4
1%
4438 4
1%
4440 4
1%
4446 4
1%
4456 4
1%
4462 4
1%
4467 4
1%
4479 4
1%
4481 4
1%
4495 4
1%
4514 4
1%
4523 4
1%
4539 4
1%
4552 4
1%
4558 4
1%
4562 4
1%
4571 4
1%
4574 4
1%
4582 4
1%
4584 4
1%
4587 4
1%
4590 4
1%
4592 4
1%
4607 4
1%
4619 4
1%
4659 4
1%
4661 4
1%
4671 4
1%
4673 4
1%
4675 4
1%
4680 4
1%
4683 4
1%
4688 4
1%
4712 4
1%
4745 4
1%
4750 4
1%
4771 4
1%
4776 4
1%
4790 4
1%
4796 4
1%
4822 4
1%
4833 4
1%
4842 4
1%
4847 4
1%
4851 4
1%
4890 4
1%
4896 4
1%
4916 4
1%
4923 4
1%
4924 4
1%
4925 4
1%
4935 4
1%
4955 4
1%
4961 4
1%
4967 4
1%
4991 4
1%
4997 4
1%
1714 5
1%
1720 5
1%
1725 5
1%
1744 5
1%
1745 5
1%
1748 5
1%
1769 5
1%
1814 5
1%
1820 5
1%
1832 5
1%
1842 5
1%
1845 5
1%
1848 5
1%
1875 5
1%
1884 5
1%
1887 5
1%
1937 5
1%
1958 5
1%
1960 5
1%
1974 5
1%
1980 5
1%
1983 5
1%
1996 5
1%
2004 5
1%
2012 5
1%
2024 5
1%
2026 5
1%
2028 5
1%
2034 5
1%
2041 5
1%
2090 5
1%
2091 5
1%
2094 5
1%
2105 5
1%
2108 5
1%
2117 5
1%
2132 5
1%
2135 5
1%
2149 5
1%
2151 5
1%
2156 5
1%
2164 5
1%
2169 5
1%
2171 5
1%
2178 5
1%
2189 5
1%
2216 5
1%
2217 5
1%
2222 5
1%
2223 5
1%
2226 5
1%
2229 5
1%
2231 5
1%
2234 5
1%
2245 5
1%
2253 5
1%
2265 5
1%
2270 5
1%
2294 5
1%
2306 5
1%
2314 5
1%
2328 5
1%
2334 5
1%
2359 5
1%
2360 5
1%
2361 5
1%
2369 5
1%
2379 5
1%
2390 5
1%
2393 5
1%
2398 5
1%
2411 5
1%
2424 5
1%
2426 5
1%
2431 5
1%
2434 5
1%
2438 5
1%
2453 5
1%
2455 5
1%
2462 5
1%
2470 5
1%
2474 5
1%
2481 5
1%
2482 5
1%
2488 5
1%
2500 5
1%
2502 5
1%
2513 5
1%
2518 5
1%
2526 5
1%
2541 5
1%
2560 5
1%
2566 5
1%
2599 5
1%
2613 5
1%
2616 5
1%
2622 5
1%
2623 5
1%
2654 5
1%
2660 5
1%
2662 5
1%
2674 5
1%
2675 5
1%
2676 5
1%
2687 5
1%
2689 5
1%
2701 5
1%
2705 5
1%
2712 5
1%
2715 5
1%
2723 5
1%
2729 5
1%
2733 5
1%
2737 5
1%
2754 5
1%
2758 5
1%
2768 5
1%
2784 5
1%
2787 5
1%
2791 5
1%
2812 5
1%
2815 5
1%
2847 5
1%
2855 5
1%
2860 5
1%
2870 5
1%
2883 5
1%
2912 5
1%
2927 5
1%
2937 5
1%
2958 5
1%
2962 5
1%
2970 5
1%
3001 5
1%
3006 5
1%
3012 5
1%
3016 5
1%
3017 5
1%
3021 5
1%
3047 5
1%
3048 5
1%
3050 5
1%
3085 5
1%
3088 5
1%
3094 5
1%
3100 5
1%
3115 5
1%
3123 5
1%
3129 5
1%
3132 5
1%
3143 5
1%
3148 5
1%
3185 5
1%
3188 5
1%
3192 5
1%
3199 5
1%
3204 5
1%
3205 5
1%
3212 5
1%
3223 5
1%
3233 5
1%
3235 5
1%
3239 5
1%
3272 5
1%
3274 5
1%
3276 5
1%
3281 5
1%
3304 5
1%
3305 5
1%
3314 5
1%
3324 5
1%
3331 5
1%
3348 5
1%
3355 5
1%
3379 5
1%
3381 5
1%
3387 5
1%
3395 5
1%
3415 5
1%
3422 5
1%
3431 5
1%
3442 5
1%
3447 5
1%
3451 5
1%
3454 5
1%
3461 5
1%
3465 5
1%
3485 5
1%
3513 5
1%
3515 5
1%
3523 5
1%
3531 5
1%
3533 5
1%
3538 5
1%
3546 5
1%
3552 5
1%
3554 5
1%
3555 5
1%
3557 5
1%
3569 5
1%
3579 5
1%
3580 5
1%
3588 5
1%
3589 5
1%
3598 5
1%
3600 5
1%
3609 5
1%
3626 5
1%
3636 5
1%
3638 5
1%
3645 5
1%
3652 5
1%
3656 5
1%
3686 5
1%
3688 5
1%
3697 5
1%
3721 5
1%
3726 5
1%
3740 5
1%
3751 5
1%
3778 5
1%
3782 5
1%
3799 5
1%
3859 5
1%
3870 5
1%
3882 5
1%
3895 5
1%
3896 5
1%
3899 5
1%
3908 5
1%
3912 5
1%
3960 5
1%
3975 5
1%
3984 5
1%
3987 5
1%
4003 5
1%
4004 5
1%
4010 5
1%
4016 5
1%
4017 5
1%
4020 5
1%
4032 5
1%
4040 5
1%
4049 5
1%
4058 5
1%
4061 5
1%
4065 5
1%
4072 5
1%
4073 5
1%
4085 5
1%
4100 5
1%
4106 5
1%
4115 5
1%
4121 5
1%
4138 5
1%
4147 5
1%
4148 5
1%
4153 5
1%
4154 5
1%
4158 5
1%
4164 5
1%
4168 5
1%
4181 5
1%
4188 5
1%
4191 5
1%
4211 5
1%
4231 5
1%
4237 5
1%
4243 5
1%
4262 5
1%
4277 5
1%
4284 5
1%
4307 5
1%
4311 5
1%
4317 5
1%
4320 5
1%
4329 5
1%
4331 5
1%
4338 5
1%
4340 5
1%
4347 5
1%
4349 5
1%
4358 5
1%
4359 5
1%
4363 5
1%
4370 5
1%
4378 5
1%
4390 5
1%
4391 5
1%
4397 5
1%
4408 5
1%
4416 5
1%
4417 5
1%
4421 5
1%
4424 5
1%
4427 5
1%
4429 5
1%
4439 5
1%
4447 5
1%
4484 5
1%
4488 5
1%
4491 5
1%
4496 5
1%
4521 5
1%
4525 5
1%
4537 5
1%
4548 5
1%
4586 5
1%
4589 5
1%
4591 5
1%
4598 5
1%
4602 5
1%
4615 5
1%
4617 5
1%
4628 5
1%
4646 5
1%
4658 5
1%
4670 5
1%
4676 5
1%
4682 5
1%
4707 5
1%
4716 5
1%
4726 5
1%
4762 5
1%
4817 5
1%
4819 5
1%
4824 5
1%
4826 5
1%
4829 5
1%
4846 5
1%
4853 5
1%
4865 5
1%
4867 5
1%
4873 5
1%
4877 5
1%
4883 5
1%
4886 5
1%
4898 5
1%
4910 5
1%
4914 5
1%
4918 5
1%
4946 5
1%
4954 5
1%
1721 6
1%
1727 6
1%
1765 6
1%
1768 6
1%
1772 6
1%
1773 6
1%
1780 6
1%
1805 6
1%
1809 6
1%
1810 6
1%
1827 6
1%
1829 6
1%
1834 6
1%
1838 6
1%
1870 6
1%
1872 6
1%
1876 6
1%
1883 6
1%
1894 6
1%
1895 6
1%
1899 6
1%
1909 6
1%
1934 6
1%
1938 6
1%
1940 6
1%
1952 6
1%
1955 6
1%
1957 6
1%
1964 6
1%
1973 6
1%
1978 6
1%
2003 6
1%
2006 6
1%
2015 6
1%
2018 6
1%
2038 6
1%
2052 6
1%
2060 6
1%
2065 6
1%
2070 6
1%
2077 6
1%
2082 6
1%
2096 6
1%
2103 6
1%
2116 6
1%
2131 6
1%
2143 6
1%
2145 6
1%
2147 6
1%
2186 6
1%
2195 6
1%
2201 6
1%
2203 6
1%
2207 6
1%
2248 6
1%
2260 6
1%
2263 6
1%
2269 6
1%
2274 6
1%
2277 6
1%
2281 6
1%
2283 6
1%
2290 6
1%
2313 6
1%
2318 6
1%
2329 6
1%
2344 6
1%
2346 6
1%
2353 6
1%
2357 6
1%
2367 6
1%
2386 6
1%
2394 6
1%
2400 6
1%
2403 6
1%
2414 6
1%
2417 6
1%
2419 6
1%
2440 6
1%
2441 6
1%
2442 6
1%
2451 6
1%
2454 6
1%
2457 6
1%
2460 6
1%
2466 6
1%
2475 6
1%
2485 6
1%
2489 6
1%
2505 6
1%
2507 6
1%
2517 6
1%
2520 6
1%
2542 6
1%
2543 6
1%
2547 6
1%
2549 6
1%
2561 6
1%
2572 6
1%
2578 6
1%
2588 6
1%
2611 6
1%
2618 6
1%
2621 6
1%
2641 6
1%
2653 6
1%
2663 6
1%
2683 6
1%
2694 6
1%
2699 6
1%
2714 6
1%
2717 6
1%
2747 6
1%
2748 6
1%
2756 6
1%
2760 6
1%
2786 6
1%
2819 6
1%
2839 6
1%
2852 6
1%
2862 6
1%
2887 6
1%
2890 6
1%
2893 6
1%
2915 6
1%
2920 6
1%
2921 6
1%
2932 6
1%
2963 6
1%
2968 6
1%
2974 6
1%
2991 6
1%
2999 6
1%
3002 6
1%
3015 6
1%
3025 6
1%
3041 6
1%
3051 6
1%
3052 6
1%
3068 6
1%
3078 6
1%
3086 6
1%
3091 6
1%
3092 6
1%
3104 6
1%
3121 6
1%
3127 6
1%
3128 6
1%
3151 6
1%
3152 6
1%
3153 6
1%
3174 6
1%
3181 6
1%
3184 6
1%
3195 6
1%
3197 6
1%
3200 6
1%
3210 6
1%
3211 6
1%
3216 6
1%
3221 6
1%
3228 6
1%
3248 6
1%
3261 6
1%
3277 6
1%
3293 6
1%
3297 6
1%
3308 6
1%
3312 6
1%
3342 6
1%
3345 6
1%
3350 6
1%
3371 6
1%
3376 6
1%
3385 6
1%
3396 6
1%
3400 6
1%
3410 6
1%
3424 6
1%
3450 6
1%
3468 6
1%
3483 6
1%
3491 6
1%
3501 6
1%
3507 6
1%
3512 6
1%
3517 6
1%
3530 6
1%
3536 6
1%
3545 6
1%
3548 6
1%
3556 6
1%
3586 6
1%
3592 6
1%
3606 6
1%
3613 6
1%
3629 6
1%
3634 6
1%
3651 6
1%
3659 6
1%
3661 6
1%
3705 6
1%
3725 6
1%
3744 6
1%
3746 6
1%
3747 6
1%
3754 6
1%
3798 6
1%
3800 6
1%
3819 6
1%
3842 6
1%
3861 6
1%
3872 6
1%
3875 6
1%
3876 6
1%
3886 6
1%
3898 6
1%
3910 6
1%
3915 6
1%
3929 6
1%
3931 6
1%
3934 6
1%
3946 6
1%
3970 6
1%
3979 6
1%
3986 6
1%
3995 6
1%
3996 6
1%
4000 6
1%
4001 6
1%
4002 6
1%
4023 6
1%
4026 6
1%
4027 6
1%
4031 6
1%
4039 6
1%
4042 6
1%
4046 6
1%
4050 6
1%
4053 6
1%
4063 6
1%
4066 6
1%
4067 6
1%
4082 6
1%
4084 6
1%
4089 6
1%
4092 6
1%
4110 6
1%
4114 6
1%
4117 6
1%
4119 6
1%
4129 6
1%
4130 6
1%
4135 6
1%
4137 6
1%
4149 6
1%
4157 6
1%
4162 6
1%
4163 6
1%
4171 6
1%
4183 6
1%
4185 6
1%
4192 6
1%
4193 6
1%
4197 6
1%
4210 6
1%
4232 6
1%
4244 6
1%
4268 6
1%
4279 6
1%
4280 6
1%
4282 6
1%
4296 6
1%
4297 6
1%
4301 6
1%
4312 6
1%
4328 6
1%
4335 6
1%
4343 6
1%
4361 6
1%
4374 6
1%
4386 6
1%
4407 6
1%
4413 6
1%
4420 6
1%
4422 6
1%
4435 6
1%
4436 6
1%
4437 6
1%
4454 6
1%
4463 6
1%
4473 6
1%
4493 6
1%
4522 6
1%
4534 6
1%
4573 6
1%
4579 6
1%
4605 6
1%
4622 6
1%
4636 6
1%
4637 6
1%
4649 6
1%
4654 6
1%
4655 6
1%
4668 6
1%
4669 6
1%
4681 6
1%
4685 6
1%
4691 6
1%
4692 6
1%
4703 6
1%
4706 6
1%
4708 6
1%
4713 6
1%
4719 6
1%
4722 6
1%
4725 6
1%
4736 6
1%
4743 6
1%
4744 6
1%
4747 6
1%
4759 6
1%
4763 6
1%
4785 6
1%
4800 6
1%
4801 6
1%
4807 6
1%
4830 6
1%
4831 6
1%
4835 6
1%
4839 6
1%
4845 6
1%
4850 6
1%
4863 6
1%
4870 6
1%
4887 6
1%
4894 6
1%
4901 6
1%
4933 6
1%
4942 6
1%
4979 6
1%
4995 6
1%
1742 7
1%
1755 7
1%
1759 7
1%
1782 7
1%
1786 7
1%
1789 7
1%
1795 7
1%
1803 7
1%
1806 7
1%
1808 7
1%
1825 7
1%
1851 7
1%
1923 7
1%
1927 7
1%
1930 7
1%
1943 7
1%
1947 7
1%
1950 7
1%
1953 7
1%
1954 7
1%
1959 7
1%
1961 7
1%
1991 7
1%
1995 7
1%
2005 7
1%
2009 7
1%
2029 7
1%
2049 7
1%
2050 7
1%
2053 7
1%
2057 7
1%
2069 7
1%
2088 7
1%
2110 7
1%
2139 7
1%
2152 7
1%
2160 7
1%
2166 7
1%
2173 7
1%
2174 7
1%
2177 7
1%
2188 7
1%
2212 7
1%
2213 7
1%
2243 7
1%
2256 7
1%
2258 7
1%
2275 7
1%
2317 7
1%
2320 7
1%
2323 7
1%
2325 7
1%
2326 7
1%
2337 7
1%
2338 7
1%
2375 7
1%
2407 7
1%
2415 7
1%
2418 7
1%
2420 7
1%
2443 7
1%
2445 7
1%
2471 7
1%
2472 7
1%
2492 7
1%
2504 7
1%
2510 7
1%
2531 7
1%
2533 7
1%
2550 7
1%
2554 7
1%
2574 7
1%
2585 7
1%
2587 7
1%
2592 7
1%
2605 7
1%
2612 7
1%
2626 7
1%
2635 7
1%
2650 7
1%
2661 7
1%
2669 7
1%
2672 7
1%
2673 7
1%
2681 7
1%
2692 7
1%
2710 7
1%
2718 7
1%
2731 7
1%
2734 7
1%
2745 7
1%
2775 7
1%
2778 7
1%
2785 7
1%
2795 7
1%
2803 7
1%
2808 7
1%
2813 7
1%
2826 7
1%
2829 7
1%
2834 7
1%
2848 7
1%
2854 7
1%
2885 7
1%
2894 7
1%
2900 7
1%
2907 7
1%
2926 7
1%
2935 7
1%
2941 7
1%
2948 7
1%
2969 7
1%
2980 7
1%
2988 7
1%
3003 7
1%
3040 7
1%
3045 7
1%
3057 7
1%
3058 7
1%
3060 7
1%
3070 7
1%
3074 7
1%
3075 7
1%
3079 7
1%
3111 7
1%
3112 7
1%
3138 7
1%
3145 7
1%
3169 7
1%
3178 7
1%
3193 7
1%
3214 7
1%
3224 7
1%
3226 7
1%
3236 7
1%
3246 7
1%
3257 7
1%
3271 7
1%
3278 7
1%
3279 7
1%
3282 7
1%
3283 7
1%
3291 7
1%
3300 7
1%
3307 7
1%
3311 7
1%
3320 7
1%
3327 7
1%
3351 7
1%
3356 7
1%
3374 7
1%
3380 7
1%
3383 7
1%
3388 7
1%
3394 7
1%
3397 7
1%
3401 7
1%
3420 7
1%
3425 7
1%
3428 7
1%
3438 7
1%
3452 7
1%
3462 7
1%
3484 7
1%
3492 7
1%
3502 7
1%
3527 7
1%
3540 7
1%
3544 7
1%
3547 7
1%
3576 7
1%
3591 7
1%
3594 7
1%
3627 7
1%
3635 7
1%
3641 7
1%
3663 7
1%
3668 7
1%
3687 7
1%
3689 7
1%
3708 7
1%
3712 7
1%
3722 7
1%
3742 7
1%
3748 7
1%
3777 7
1%
3786 7
1%
3790 7
1%
3797 7
1%
3806 7
1%
3807 7
1%
3815 7
1%
3817 7
1%
3841 7
1%
3874 7
1%
3889 7
1%
3909 7
1%
3913 7
1%
3941 7
1%
3942 7
1%
3948 7
1%
3954 7
1%
3977 7
1%
3990 7
1%
4005 7
1%
4012 7
1%
4018 7
1%
4022 7
1%
4052 7
1%
4059 7
1%
4078 7
1%
4088 7
1%
4095 7
1%
4116 7
1%
4120 7
1%
4139 7
1%
4141 7
1%
4143 7
1%
4144 7
1%
4184 7
1%
4187 7
1%
4201 7
1%
4206 7
1%
4208 7
1%
4209 7
1%
4219 7
1%
4222 7
1%
4226 7
1%
4250 7
1%
4254 7
1%
4260 7
1%
4264 7
1%
4288 7
1%
4290 7
1%
4292 7
1%
4309 7
1%
4330 7
1%
4332 7
1%
4336 7
1%
4341 7
1%
4345 7
1%
4346 7
1%
4360 7
1%
4388 7
1%
4394 7
1%
4405 7
1%
4410 7
1%
4412 7
1%
4419 7
1%
4423 7
1%
4428 7
1%
4431 7
1%
4441 7
1%
4442 7
1%
4445 7
1%
4468 7
1%
4477 7
1%
4483 7
1%
4489 7
1%
4505 7
1%
4511 7
1%
4517 7
1%
4524 7
1%
4543 7
1%
4563 7
1%
4569 7
1%
4572 7
1%
4575 7
1%
4576 7
1%
4577 7
1%
4599 7
1%
4614 7
1%
4627 7
1%
4633 7
1%
4641 7
1%
4643 7
1%
4651 7
1%
4652 7
1%
4660 7
1%
4663 7
1%
4696 7
1%
4702 7
1%
4709 7
1%
4720 7
1%
4727 7
1%
4735 7
1%
4741 7
1%
4749 7
1%
4757 7
1%
4772 7
1%
4780 7
1%
4803 7
1%
4809 7
1%
4810 7
1%
4816 7
1%
4818 7
1%
4843 7
1%
4848 7
1%
4859 7
1%
4860 7
1%
4864 7
1%
4871 7
1%
4879 7
1%
4888 7
1%
4895 7
1%
4938 7
1%
4941 7
1%
4951 7
1%
4990 7
1%
4998 7
1%
1716 8
1%
1718 8
1%
1739 8
1%
1774 8
1%
1790 8
1%
1793 8
1%
1796 8
1%
1799 8
1%
1801 8
1%
1811 8
1%
1822 8
1%
1823 8
1%
1826 8
1%
1856 8
1%
1858 8
1%
1862 8
1%
1866 8
1%
1868 8
1%
1869 8
1%
1886 8
1%
1898 8
1%
1908 8
1%
1949 8
1%
1969 8
1%
1975 8
1%
1984 8
1%
1992 8
1%
2010 8
1%
2019 8
1%
2022 8
1%
2032 8
1%
2035 8
1%
2045 8
1%
2058 8
1%
2061 8
1%
2063 8
1%
2097 8
1%
2125 8
1%
2155 8
1%
2157 8
1%
2159 8
1%
2167 8
1%
2168 8
1%
2181 8
1%
2193 8
1%
2196 8
1%
2199 8
1%
2202 8
1%
2204 8
1%
2206 8
1%
2208 8
1%
2221 8
1%
2249 8
1%
2251 8
1%
2255 8
1%
2266 8
1%
2268 8
1%
2272 8
1%
2292 8
1%
2299 8
1%
2300 8
1%
2321 8
1%
2348 8
1%
2356 8
1%
2358 8
1%
2362 8
1%
2364 8
1%
2380 8
1%
2382 8
1%
2384 8
1%
2385 8
1%
2388 8
1%
2391 8
1%
2397 8
1%
2404 8
1%
2421 8
1%
2422 8
1%
2430 8
1%
2446 8
1%
2450 8
1%
2464 8
1%
2465 8
1%
2478 8
1%
2490 8
1%
2529 8
1%
2530 8
1%
2536 8
1%
2548 8
1%
2553 8
1%
2556 8
1%
2571 8
1%
2577 8
1%
2579 8
1%
2584 8
1%
2593 8
1%
2598 8
1%
2600 8
1%
2615 8
1%
2627 8
1%
2629 8
1%
2636 8
1%
2638 8
1%
2642 8
1%
2646 8
1%
2649 8
1%
2655 8
1%
2656 8
1%
2659 8
1%
2704 8
1%
2706 8
1%
2716 8
1%
2719 8
1%
2771 8
1%
2777 8
1%
2814 8
1%
2823 8
1%
2825 8
1%
2830 8
1%
2832 8
1%
2835 8
1%
2837 8
1%
2840 8
1%
2851 8
1%
2853 8
1%
2868 8
1%
2877 8
1%
2879 8
1%
2891 8
1%
2901 8
1%
2925 8
1%
2943 8
1%
2952 8
1%
2965 8
1%
2982 8
1%
2990 8
1%
3009 8
1%
3028 8
1%
3029 8
1%
3046 8
1%
3054 8
1%
3059 8
1%
3062 8
1%
3083 8
1%
3105 8
1%
3108 8
1%
3142 8
1%
3150 8
1%
3164 8
1%
3165 8
1%
3173 8
1%
3198 8
1%
3207 8
1%
3213 8
1%
3219 8
1%
3230 8
1%
3244 8
1%
3263 8
1%
3292 8
1%
3306 8
1%
3319 8
1%
3336 8
1%
3340 8
1%
3344 8
1%
3349 8
1%
3360 8
1%
3364 8
1%
3366 8
1%
3367 8
1%
3408 8
1%
3417 8
1%
3430 8
1%
3432 8
1%
3437 8
1%
3440 8
1%
3459 8
1%
3470 8
1%
3471 8
1%
3511 8
1%
3514 8
1%
3520 8
1%
3537 8
1%
3550 8
1%
3559 8
1%
3560 8
1%
3566 8
1%
3568 8
1%
3572 8
1%
3575 8
1%
3582 8
1%
3597 8
1%
3601 8
1%
3608 8
1%
3611 8
1%
3623 8
1%
3625 8
1%
3647 8
1%
3655 8
1%
3665 8
1%
3671 8
1%
3683 8
1%
3684 8
1%
3692 8
1%
3694 8
1%
3716 8
1%
3728 8
1%
3731 8
1%
3752 8
1%
3760 8
1%
3763 8
1%
3764 8
1%
3771 8
1%
3779 8
1%
3781 8
1%
3802 8
1%
3837 8
1%
3863 8
1%
3869 8
1%
3878 8
1%
3880 8
1%
3885 8
1%
3887 8
1%
3890 8
1%
3900 8
1%
3911 8
1%
3923 8
1%
3930 8
1%
3949 8
1%
3952 8
1%
3957 8
1%
3971 8
1%
4019 8
1%
4028 8
1%
4037 8
1%
4045 8
1%
4062 8
1%
4071 8
1%
4074 8
1%
4087 8
1%
4091 8
1%
4104 8
1%
4105 8
1%
4118 8
1%
4131 8
1%
4142 8
1%
4146 8
1%
4151 8
1%
4167 8
1%
4180 8
1%
4182 8
1%
4198 8
1%
4207 8
1%
4239 8
1%
4261 8
1%
4274 8
1%
4285 8
1%
4286 8
1%
4294 8
1%
4298 8
1%
4306 8
1%
4308 8
1%
4310 8
1%
4314 8
1%
4321 8
1%
4323 8
1%
4364 8
1%
4377 8
1%
4432 8
1%
4457 8
1%
4486 8
1%
4497 8
1%
4503 8
1%
4518 8
1%
4520 8
1%
4533 8
1%
4542 8
1%
4545 8
1%
4547 8
1%
4553 8
1%
4588 8
1%
4601 8
1%
4610 8
1%
4611 8
1%
4616 8
1%
4630 8
1%
4635 8
1%
4662 8
1%
4665 8
1%
4667 8
1%
4687 8
1%
4715 8
1%
4733 8
1%
4738 8
1%
4751 8
1%
4752 8
1%
4753 8
1%
4754 8
1%
4758 8
1%
4770 8
1%
4784 8
1%
4787 8
1%
4838 8
1%
4857 8
1%
4881 8
1%
4893 8
1%
4911 8
1%
4922 8
1%
4926 8
1%
4937 8
1%
4939 8
1%
4978 8
1%
4981 8
1%
4989 8
1%
1717 9
1%
1722 9
1%
1730 9
1%
1731 9
1%
1734 9
1%
1760 9
1%
1763 9
1%
1777 9
1%
1787 9
1%
1807 9
1%
1819 9
1%
1831 9
1%
1853 9
1%
1855 9
1%
1859 9
1%
1873 9
1%
1882 9
1%
1914 9
1%
1916 9
1%
1918 9
1%
1936 9
1%
1945 9
1%
1981 9
1%
1982 9
1%
1988 9
1%
1997 9
1%
2001 9
1%
2011 9
1%
2016 9
1%
2021 9
1%
2027 9
1%
2031 9
1%
2046 9
1%
2055 9
1%
2071 9
1%
2072 9
1%
2074 9
1%
2084 9
1%
2102 9
1%
2112 9
1%
2114 9
1%
2115 9
1%
2124 9
1%
2127 9
1%
2129 9
1%
2133 9
1%
2137 9
1%
2144 9
1%
2154 9
1%
2165 9
1%
2170 9
1%
2172 9
1%
2176 9
1%
2180 9
1%
2182 9
1%
2191 9
1%
2209 9
1%
2218 9
1%
2219 9
1%
2224 9
1%
2230 9
1%
2233 9
1%
2235 9
1%
2241 9
1%
2242 9
1%
2254 9
1%
2264 9
1%
2285 9
1%
2286 9
1%
2303 9
1%
2316 9
1%
2324 9
1%
2330 9
1%
2335 9
1%
2336 9
1%
2343 9
1%
2349 9
1%
2354 9
1%
2409 9
1%
2423 9
1%
2436 9
1%
2437 9
1%
2449 9
1%
2456 9
1%
2477 9
1%
2483 9
1%
2508 9
1%
2511 9
1%
2516 9
1%
2519 9
1%
2522 9
1%
2532 9
1%
2537 9
1%
2544 9
1%
2557 9
1%
2575 9
1%
2581 9
1%
2590 9
1%
2596 9
1%
2601 9
1%
2604 9
1%
2608 9
1%
2610 9
1%
2614 9
1%
2625 9
1%
2630 9
1%
2634 9
1%
2644 9
1%
2645 9
1%
2647 9
1%
2682 9
1%
2711 9
1%
2736 9
1%
2755 9
1%
2757 9
1%
2767 9
1%
2773 9
1%
2792 9
1%
2796 9
1%
2797 9
1%
2817 9
1%
2822 9
1%
2838 9
1%
2857 9
1%
2873 9
1%
2896 9
1%
2898 9
1%
2903 9
1%
2906 9
1%
2908 9
1%
2910 9
1%
2911 9
1%
2919 9
1%
2945 9
1%
2949 9
1%
2950 9
1%
2951 9
1%
2954 9
1%
2959 9
1%
2961 9
1%
2975 9
1%
2979 9
1%
2983 9
1%
2986 9
1%
2993 9
1%
2998 9
1%
3004 9
1%
3011 9
1%
3031 9
1%
3038 9
1%
3049 9
1%
3055 9
1%
3066 9
1%
3069 9
1%
3071 9
1%
3089 9
1%
3090 9
1%
3117 9
1%
3130 9
1%
3137 9
1%
3167 9
1%
3183 9
1%
3190 9
1%
3194 9
1%
3215 9
1%
3217 9
1%
3218 9
1%
3240 9
1%
3245 9
1%
3256 9
1%
3267 9
1%
3270 9
1%
3273 9
1%
3294 9
1%
3295 9
1%
3315 9
1%
3334 9
1%
3338 9
1%
3357 9
1%
3359 9
1%
3369 9
1%
3378 9
1%
3386 9
1%
3392 9
1%
3404 9
1%
3407 9
1%
3411 9
1%
3413 9
1%
3445 9
1%
3449 9
1%
3463 9
1%
3469 9
1%
3474 9
1%
3508 9
1%
3509 9
1%
3519 9
1%
3526 9
1%
3562 9
1%
3564 9
1%
3565 9
1%
3567 9
1%
3570 9
1%
3571 9
1%
3595 9
1%
3602 9
1%
3612 9
1%
3619 9
1%
3624 9
1%
3639 9
1%
3643 9
1%
3654 9
1%
3657 9
1%
3670 9
1%
3673 9
1%
3674 9
1%
3678 9
1%
3679 9
1%
3685 9
1%
3695 9
1%
3698 9
1%
3707 9
1%
3710 9
1%
3711 9
1%
3729 9
1%
3734 9
1%
3737 9
1%
3741 9
1%
3774 9
1%
3780 9
1%
3793 9
1%
3804 9
1%
3820 9
1%
3827 9
1%
3840 9
1%
3853 9
1%
3855 9
1%
3871 9
1%
3877 9
1%
3881 9
1%
3907 9
1%
3924 9
1%
3928 9
1%
3947 9
1%
3958 9
1%
3999 9
1%
4008 9
1%
4036 9
1%
4038 9
1%
4043 9
1%
4054 9
1%
4080 9
1%
4086 9
1%
4096 9
1%
4125 9
1%
4134 9
1%
4140 9
1%
4156 9
1%
4186 9
1%
4212 9
1%
4224 9
1%
4240 9
1%
4241 9
1%
4269 9
1%
4270 9
1%
4272 9
1%
4289 9
1%
4313 9
1%
4324 9
1%
4337 9
1%
4357 9
1%
4379 9
1%
4393 9
1%
4395 9
1%
4398 9
1%
4402 9
1%
4403 9
1%
4406 9
1%
4434 9
1%
4443 9
1%
4452 9
1%
4453 9
1%
4458 9
1%
4465 9
1%
4466 9
1%
4472 9
1%
4487 9
1%
4492 9
1%
4498 9
1%
4501 9
1%
4504 9
1%
4512 9
1%
4516 9
1%
4532 9
1%
4535 9
1%
4549 9
1%
4550 9
1%
4557 9
1%
4570 9
1%
4632 9
1%
4634 9
1%
4647 9
1%
4656 9
1%
4666 9
1%
4672 9
1%
4674 9
1%
4694 9
1%
4697 9
1%
4701 9
1%
4704 9
1%
4724 9
1%
4731 9
1%
4760 9
1%
4766 9
1%
4792 9
1%
4799 9
1%
4806 9
1%
4811 9
1%
4823 9
1%
4825 9
1%
4834 9
1%
4868 9
1%
4912 9
1%
4917 9
1%
4921 9
1%
4927 9
1%
4932 9
1%
4943 9
1%
4947 9
1%
4948 9
1%
4950 9
1%
4957 9
1%
4977 9
1%
4980 0
0%
4982 0
0%
4974 3
0%
4884 4
0%
4906 4
0%
4959 4
0%
4962 4
0%
4968 4
0%
4971 4
0%
4973 6
0%
4988 6
0%
4907 7
0%
4908 7
0%
4963 7
0%
4965 7
0%
4966 7
0%
4952 8
0%
4970 8
0%
4985 8
0%
4986 8
0%
4987 8
0%
4841 9
0%
4983 9
0%
4984 9
0%
No matching quizzes found
Score Distribution
Percent of People with Each Score
Percentile by Number Answered
Your Score History
You have not taken this quiz since the last reset